00294nam a2200121Ia 4500008004100000041000900041082001500050100002300065245003100088260003700119300000800156650000800164230718s9999 xx 000 0 und d aEng. a425bSHA-A aShaakh Pef. Sajjed 2aA Selecting of Madows berg aPakistanbCasuan hook hovec2009 a192 aLaw